[Event "SVK-chT2A 2223"]
[Site "Slovakia"]
[Date "2022.11.12"]
[Round "3.6"]
[White "Kalmar, Tamas"]
[Black "Halasz, Adam"]
[Result "1/2-1/2"]
[WhiteElo "2008"]
[BlackElo "1757"]
[PlyCount "55"]
[EventDate "2022.10.08"]
[EventType "team-tourn"]
[EventRounds "11"]
[EventCountry "SVK"]
[SourceTitle "EXT 2024"]
[Source "ChessBase"]
[SourceDate "2023.10.10"]
[SourceVersion "1"]
[SourceVersionDate "2023.10.10"]
[SourceQuality "1"]
[WhiteTeam "Dunajska Streda II"]
[BlackTeam "Senec"]
[WhiteTeamCountry "SVK"]
[BlackTeamCountry "SVK"]

1. d4 d5 2. c4 e6 3. Nc3 Nf6 4. Bg5 Be7 5. e3 0-0 6. Nf3 b6 7. cxd5 Nxd5 8. Bxe7 Qxe7 9. Nxd5 exd5 10. Qb3 Be6 11. Rc1 c5 12. Qa3 Rc8 13. Bb5 a6 14. dxc5 Rxc5 15. 0-0 Ra7 16. Rxc5 axb5 17. Qxa7 Qxa7 18. Rxb5 Qxa2 19. Rxb6 Nd7 20. Rb4 h6 21. Nd4 Nc5 22. Rb6 Bd7 23. Rd6 Ba4 24. b4 Ne4 25. Rd8+ Kh7 26. Ra8 Nd2 27. Re1 Ne4 28. Rf1 1/2-1/2

[Event "SVK-chT2A 2122"]
[Site "Slovakia"]
[Date "2021.11.14"]
[Round "4.8"]
[White "Bochnickova, Simona"]
[Black "Kalmar, Tamas"]
[Result "1/2-1/2"]
[WhiteElo "1991"]
[BlackElo "2008"]
[PlyCount "70"]
[EventDate "2021.10.16"]
[EventType "team-tourn"]
[EventRounds "11"]
[EventCountry "SVK"]
[SourceTitle "EXT 2023"]
[Source "ChessBase"]
[SourceDate "2022.10.05"]
[SourceVersion "1"]
[SourceVersionDate "2022.10.05"]
[SourceQuality "1"]
[WhiteTeam "Modra II"]
[BlackTeam "Dunajska Streda II"]
[WhiteTeamCountry "SVK"]
[BlackTeamCountry "SVK"]

1. e4 c6 2. d4 d5 3. Nc3 dxe4 4. Nxe4 Bf5 5. Ng3 Bg6 6. Nf3 Nd7 7. h4 h6 8. Bd3 Bxd3 9. Qxd3 e6 10. Bd2 Qc7 11. 0-0-0 0-0-0 12. Qe2 Ngf6 13. Ne5 Nb6 14. Ba5 Rd5 15. Qe1 c5 16. Qc3 Bd6 17. Rhe1 Rd8 18. Rd3 Bxe5 19. dxe5 Rxd3 20. cxd3 Nfd5 21. Qd2 Kb8 22. Kb1 Ne7 23. Qc3 Rd5 24. Rc1 Qxe5 25. Qxe5+ Rxe5 26. Bc3 Rd5 27. Bxg7 h5 28. Bf6 Ng6 29. Bg5 Nd7 30. Nxh5 Nxh4 31. Bxh4 Rxh5 32. Bg3+ e5 33. Rc4 b6 34. d4 cxd4 35. Rxd4 Kc7 1/2-1/2

[Event "SVK-chT1W 1920"]
[Site "Slovakia"]
[Date "2019.11.10"]
[Round "4.2"]
[White "Kalmar, Tamas"]
[Black "Dujava, Daniel"]
[Result "1/2-1/2"]
[WhiteElo "2069"]
[BlackElo "2124"]
[PlyCount "33"]
[EventDate "2019.10.12"]
[EventType "team-tourn"]
[EventRounds "11"]
[EventCountry "SVK"]
[SourceTitle "CBM 193 Extra"]
[Source "ChessBase"]
[SourceDate "2020.01.31"]
[SourceVersion "1"]
[SourceVersionDate "2020.01.31"]
[SourceQuality "1"]
[WhiteTeam "Orechova Poton"]
[BlackTeam "Bratislava Lokomotiva"]
[WhiteTeamCountry "SVK"]
[BlackTeamCountry "SVK"]

1. d4 Nf6 2. c4 e6 3. Nf3 b6 4. g3 Ba6 5. Qc2 Bb4+ 6. Bd2 Be7 7. Bg2 0-0 8. 0-0 c6 9. Re1 d5 10. cxd5 cxd5 11. Nc3 Nbd7 12. Qa4 Qc8 13. Rac1 Qb7 14. Nb5 Bxb5 15. Qxb5 Rac8 16. Bf4 Rxc1 17. Rxc1 1/2-1/2

[Event "SVK-chT3A2 1819"]
[Site "Slovakia"]
[Date "2019.03.24"]
[Round "11.2"]
[White "Kalmar, Tamas"]
[Black "Palka, Miroslav"]
[Result "1-0"]
[WhiteElo "2099"]
[BlackElo "1909"]
[PlyCount "119"]
[EventDate "2018.10.07"]
[EventType "team-tourn"]
[EventRounds "11"]
[EventCountry "SVK"]
[SourceTitle "EXT 2020"]
[Source "ChessBase"]
[SourceDate "2019.10.17"]
[SourceVersion "1"]
[SourceVersionDate "2019.10.17"]
[SourceQuality "1"]
[WhiteTeam "Potonska Veza II"]
[BlackTeam "Senica SK"]
[WhiteTeamCountry "SVK"]
[BlackTeamCountry "SVK"]

1. d4 Nf6 2. c4 d6 3. Nc3 g6 4. e4 Bg7 5. f3 0-0 6. Be3 Nbd7 7. Qd2 c5 8. d5 Re8 9. Bd3 Ne5 10. Nge2 Nxd3+ 11. Qxd3 Bd7 12. 0-0 a6 13. a3 Rb8 14. b4 b6 15. Rab1 Qc7 16. b5 a5 17. Rbe1 e5 18. g4 Rf8 19. Ng3 Bc8 20. Kh1 Nd7 21. Rg1 Qd8 22. Qd2 f6 23. Ref1 Rf7 24. Kg2 Nf8 25. Qc2 Rbb7 26. Rf2 Nd7 27. Kf1 Nf8 28. Ke1 g5 29. Nf5 Ng6 30. Qd2 Bxf5 31. exf5 Nf8 32. Ne4 h6 33. Rh1 Nh7 34. h3 Rbd7 35. Rfh2 Rf8 36. a4 Kf7 37. h4 Qe7 38. Re2 Rdd8 39. f4 gxf4 40. Bxf4 Rh8 41. Bxh6 Rdg8 42. Be3 Nf8 43. Reh2 Nd7 44. g5 Qf8 45. h5 fxg5 46. Nxg5+ Ke7 47. Rf1 Qf6 48. Ne4 Qf8 49. h6 Bf6 50. Qe2 Qf7 51. Qf3 Qf8 52. h7 Rg7 53. Bh6 Rhxh7 54. Bxg7 Qxg7 55. Rxh7 Qxh7 56. Rh1 Qg7 57. Qg3 Qxg3+ 58. Nxg3 Nf8 59. Ne4 Bg7 60. Ke2 1-0

[Event "SVK-chT1W 1819"]
[Site "Slovakia"]
[Date "2019.02.23"]
[Round "8.7"]
[White "Batora, Matej"]
[Black "Kalmar, Tamas"]
[Result "1/2-1/2"]
[WhiteElo "2019"]
[BlackElo "2089"]
[PlyCount "50"]
[EventDate "2018.10.27"]
[EventType "team-tourn"]
[EventRounds "11"]
[EventCountry "SVK"]
[SourceTitle "CBM 189 Extra"]
[Source "ChessBase"]
[SourceDate "2019.06.03"]
[SourceVersion "1"]
[SourceVersionDate "2019.06.03"]
[SourceQuality "1"]
[WhiteTeam "Nitra NSK"]
[BlackTeam "Dunajska Streda"]
[WhiteTeamCountry "SVK"]
[BlackTeamCountry "SVK"]

1. e4 c6 2. d4 d5 3. Nc3 dxe4 4. Nxe4 Bf5 5. Ng3 Bg6 6. Nf3 Nd7 7. h4 h6 8. h5 Bh7 9. Bd3 Bxd3 10. Qxd3 e6 11. Bd2 Ngf6 12. Ne4 Nxe4 13. Qxe4 Nf6 14. Qe2 Qd5 15. c4 Qe4 16. Qxe4 Nxe4 17. Rh4 Nd6 18. b3 Be7 19. Rg4 Nf5 20. 0-0-0 Rd8 21. Ba5 Rc8 22. Kc2 0-0 23. Ne5 Rfe8 24. Rd3 Bf6 25. Nd7 Be7 1/2-1/2

[Event "SVK-chT4 A22 1819"]
[Site "Slovakia"]
[Date "2019.02.17"]
[Round "9.5"]
[White "Kalmar, Tamas"]
[Black "Bisco, Igor"]
[Result "1-0"]
[WhiteElo "2090"]
[BlackElo "2027"]
[PlyCount "52"]
[EventDate "2018.10.14"]
[EventType "team-tourn"]
[EventRounds "11"]
[EventCountry "SVK"]
[SourceTitle "EXT 2020"]
[Source "ChessBase"]
[SourceDate "2019.10.17"]
[SourceVersion "1"]
[SourceVersionDate "2019.10.17"]
[SourceQuality "1"]

1. d4 Nf6 2. c4 g6 3. Nc3 Bg7 4. e4 d6 5. f3 0-0 6. Be3 a6 7. Bd3 c6 8. Nge2 e5 9. 0-0 Nbd7 10. d5 cxd5 11. cxd5 b5 12. b4 Nh5 13. a4 bxa4 14. Rxa4 Nf4 15. Qd2 Qh4 16. g3 Nh3+ 17. Kg2 Qh5 18. Ng1 Nxg1 19. Kxg1 f5 20. Qe2 f4 21. g4 Qh3 22. Bd2 Nf6 23. Qg2 Bxg4 24. Qxh3 Bxh3 25. Rfa1 g5 26. Rxa6 g4 1-0

[Event "SVK-chT3A2 1819"]
[Site "Slovakia"]
[Date "2019.02.10"]
[Round "8.4"]
[White "Lanc, Alois"]
[Black "Kalmar, Tamas"]
[Result "1-0"]
[WhiteElo "2292"]
[BlackElo "2099"]
[PlyCount "81"]
[EventDate "2018.10.07"]
[EventType "team-tourn"]
[EventRounds "11"]
[EventCountry "SVK"]
[SourceTitle "EXT 2020"]
[Source "ChessBase"]
[SourceDate "2019.10.17"]
[SourceVersion "1"]
[SourceVersionDate "2019.10.17"]
[SourceQuality "1"]
[WhiteTeam "Modranka Komplet"]
[BlackTeam "Potonska Veza II"]
[WhiteTeamCountry "SVK"]
[BlackTeamCountry "SVK"]

1. e4 e6 2. d4 d5 3. Nc3 dxe4 4. Nxe4 Bd7 5. Nf3 Bc6 6. Neg5 Bd6 7. Bd3 Nf6 8. Qe2 Bxf3 9. Nxf3 c6 10. 0-0 0-0 11. Bg5 Nbd7 12. Rad1 h6 13. Bc1 Qc7 14. c3 e5 15. dxe5 Nxe5 16. Nxe5 Bxe5 17. g3 Rfe8 18. Qf3 Nh7 19. Bxh7+ Kxh7 20. Qf5+ g6 21. Qh3 Re6 22. Qxh6+ Kg8 23. Qh4 Rae8 24. Qc4 Bg7 25. Qd3 Qa5 26. a3 Qh5 27. Kg2 Bf6 28. Qf3 Qb5 29. Rd7 Kg7 30. h4 Re1 31. Qd3 Qxd3 32. Rxd3 R1e2 33. Rd2 R2e4 34. Rd7 R8e7 35. Rxe7 Rxe7 36. Be3 a6 37. Rd1 Be5 38. Bc5 Rc7 39. f4 Bf6 40. Kf3 Be7 41. Bb6 1-0

[Event "SVK-chT1W 1819"]
[Site "Slovakia"]
[Date "2018.11.25"]
[Round "4.8"]
[White "Kalmar, Tamas"]
[Black "Sipkovsky, Ladislav"]
[Result "1-0"]
[WhiteElo "2061"]
[BlackElo "1759"]
[PlyCount "109"]
[EventDate "2018.10.27"]
[EventType "team-tourn"]
[EventRounds "11"]
[EventCountry "SVK"]
[SourceTitle "CBM 187 Extra"]
[Source "ChessBase"]
[SourceDate "2018.11.04"]
[SourceVersion "1"]
[SourceVersionDate "2018.11.04"]
[SourceQuality "1"]
[WhiteTeam "Dunajska Streda"]
[BlackTeam "Trnava Sered"]
[WhiteTeamCountry "SVK"]
[BlackTeamCountry "SVK"]

1. d4 d5 2. c4 Nf6 3. cxd5 Nxd5 4. e4 Nf6 5. Nc3 c6 6. Be3 e6 7. f3 Be7 8. Bd3 0-0 9. Nge2 Nbd7 10. Qd2 Nb6 11. 0-0 Bd7 12. Rfd1 Rc8 13. Rac1 c5 14. dxc5 Bxc5 15. Bxc5 Rxc5 16. Qe3 Qe7 17. Nd5 Rxd5 18. exd5 Nfxd5 19. Qd2 Bc6 20. Nd4 Bd7 21. Be4 g6 22. Ne2 Qf6 23. Bxd5 Nxd5 24. Qd4 Bc6 25. Qxf6 Nxf6 26. Nc3 Re8 27. Rd2 Kf8 28. b4 a6 29. Kf2 Ke7 30. Rcd1 Rc8 31. Rc1 Bb5 32. Nd5+ Nxd5 33. Rxc8 Bc6 34. a3 h5 35. Rc2 Kd7 36. Rf8 Ke7 37. Ra8 Nc7 38. Rc8 Kd7 39. Rh8 Nb5 40. Rd2+ Bd5 41. Rd3 Nd6 42. h4 Kc6 43. g4 hxg4 44. fxg4 Bc4 45. Rd4 e5 46. Rxc4+ Nxc4 47. Rc8+ Kd5 48. Rc5+ Kd4 49. Rxc4+ Kxc4 50. h5 gxh5 51. gxh5 Kd3 52. h6 Kd2 53. h7 e4 54. h8Q e3+ 55. Kf3 1-0

[Event "SVK-chT3A2 1718"]
[Site "Slovakia"]
[Date "2018.02.18"]
[Round "9.3"]
[White "Kalmar, Tamas"]
[Black "Mikudik, Ivan"]
[Result "1/2-1/2"]
[WhiteElo "2083"]
[BlackElo "1834"]
[PlyCount "68"]
[EventDate "2017.10.08"]
[EventType "team-tourn"]
[EventRounds "11"]
[EventCountry "SVK"]
[SourceTitle "EXT 2020"]
[Source "ChessBase"]
[SourceDate "2019.10.17"]
[SourceVersion "1"]
[SourceVersionDate "2019.10.17"]
[SourceQuality "1"]
[WhiteTeam "Potonska Veza II"]
[BlackTeam "Vrbove"]
[WhiteTeamCountry "SVK"]
[BlackTeamCountry "SVK"]

1. d4 Nf6 2. c4 e6 3. Nc3 Bb4 4. Qc2 b6 5. a3 Bxc3+ 6. Qxc3 Bb7 7. Bg5 d6 8. Nf3 Nbd7 9. e3 h6 10. Bh4 Qe7 11. Be2 0-0 12. 0-0 e5 13. dxe5 dxe5 14. Rfd1 Rfe8 15. Qc2 c5 16. Rac1 Qe6 17. Nd2 e4 18. Nb1 Ne5 19. Nc3 g5 20. Bg3 a6 21. b3 Rad8 22. h3 Kg7 23. Rxd8 Rxd8 24. Rd1 Rxd1+ 25. Qxd1 Nfd7 26. Qc2 f5 27. Qd2 Nf7 28. Nd5 Nde5 29. Nc7 Qc6 30. Nd5 Qe6 31. Nc3 Kf6 32. h4 Qd6 33. hxg5+ hxg5 34. Nd5+ Ke6 1/2-1/2

[Event "SVK-chT3A2 1718"]
[Site "Slovakia"]
[Date "2017.10.22"]
[Round "2.1"]
[White "Jozefek, Michal"]
[Black "Kalmar, Tamas"]
[Result "0-1"]
[WhiteElo "2198"]
[BlackElo "2083"]
[PlyCount "66"]
[EventDate "2017.10.08"]
[EventType "team-tourn"]
[EventRounds "11"]
[EventCountry "SVK"]
[SourceTitle "EXT 2020"]
[Source "ChessBase"]
[SourceDate "2019.10.17"]
[SourceVersion "1"]
[SourceVersionDate "2019.10.17"]
[SourceQuality "1"]
[WhiteTeam "Skalica"]
[BlackTeam "Potonska Veza II"]
[WhiteTeamCountry "SVK"]
[BlackTeamCountry "SVK"]

1. d4 d5 2. c4 c6 3. Nf3 Nf6 4. e3 e6 5. b3 Be7 6. Bd3 Nbd7 7. Bb2 b6 8. 0-0 Bb7 9. Nc3 0-0 10. Qc2 Rc8 11. Ne5 dxc4 12. bxc4 h6 13. f4 c5 14. Rad1 Qc7 15. d5 exd5 16. Nxd7 Nxd7 17. Nb5 Qb8 18. cxd5 a6 19. Bf5 axb5 20. Bxd7 Rcd8 21. Bxb5 Rxd5 22. Rxd5 Bxd5 23. e4 Bb7 24. Qc3 f6 25. e5 fxe5 26. Bc4+ Kh8 27. Qg3 Qd8 28. Bd3 Bd5 29. Qg6 Bg8 30. fxe5 Rxf1+ 31. Kxf1 c4 32. Bc2 Qd2 33. Qe8 Qxc2 0-1

[Event "SVK-chT4 A22 1718"]
[Site "Slovakia"]
[Date "2017.10.15"]
[Round "2.1"]
[White "Kalmar, Tamas"]
[Black "Bugar, Peter"]
[Result "1/2-1/2"]
[WhiteElo "2083"]
[BlackElo "1763"]
[PlyCount "106"]
[EventDate "2017.10.01"]
[EventType "team-tourn"]
[EventRounds "11"]
[EventCountry "SVK"]
[SourceTitle "EXT 2020"]
[Source "ChessBase"]
[SourceDate "2019.10.17"]
[SourceVersion "1"]
[SourceVersionDate "2019.10.17"]
[SourceQuality "1"]

1. d4 Nf6 2. c4 c5 3. Nf3 cxd4 4. Nxd4 e5 5. Nf3 e4 6. Nd4 d5 7. e3 Bc5 8. Nc3 dxc4 9. Bxc4 0-0 10. 0-0 a6 11. Nb3 Bd6 12. Be2 Qc7 13. h3 Rd8 14. Qc2 b5 15. Nd4 Bb7 16. a3 Nbd7 17. Bd2 Ne5 18. Rfd1 Rac8 19. Rac1 Qd7 20. Qb1 Nf3+ 21. Kh1 Bb8 22. Be1 Qc7 23. g3 Qe5 24. Nb3 h5 25. Rxd8+ Rxd8 26. Rd1 Rxd1 27. Qxd1 Nxe1 28. Qxe1 Qe6 29. Qd1 Qxh3+ 30. Kg1 Kh7 31. Nc5 Bc6 32. Nxa6 Be5 33. Nb4 Bd7 34. Bf1 Qf5 35. Bg2 g5 36. Nbd5 Bxc3 37. Nxc3 h4 38. Qd4 Bc6 39. Qd6 Ng4 40. Nd1 hxg3 41. Qxg3 Ne5 42. Qh3+ Kg6 43. Qxf5+ Kxf5 44. Nc3 Nd3 45. Bf1 Ke5 46. Bxd3 exd3 47. Kf1 Kf5 48. b3 Kg4 49. Ke1 Kf3 50. Nb1 Kg2 51. Nd2 f5 52. Nb1 g4 53. Nd2 Kg1 1/2-1/2

[Event "SVK-chT3A2 1617"]
[Site "Slovakia"]
[Date "2017.02.05"]
[Round "8.3"]
[White "Kalmar, Tamas"]
[Black "Gasa, Andrej"]
[Result "0-1"]
[WhiteElo "2044"]
[BlackElo "2284"]
[PlyCount "134"]
[EventDate "2016.10.16"]
[EventType "team-tourn"]
[EventRounds "11"]
[EventCountry "SVK"]
[SourceTitle "EXT 2020"]
[Source "ChessBase"]
[SourceDate "2019.10.17"]
[SourceVersion "1"]
[SourceVersionDate "2019.10.17"]
[SourceQuality "1"]
[WhiteTeam "Potonska Veza II"]
[BlackTeam "Senica SK"]
[WhiteTeamCountry "SVK"]
[BlackTeamCountry "SVK"]

1. d4 Nf6 2. c4 e6 3. Nf3 b6 4. g3 Ba6 5. Qc2 Bb4+ 6. Nbd2 0-0 7. Bg2 d5 8. 0-0 Bb7 9. a3 Be7 10. b3 Nbd7 11. Bb2 c5 12. Rac1 Rc8 13. Qb1 dxc4 14. Nxc4 cxd4 15. Nxd4 Bxg2 16. Kxg2 Nc5 17. Rfd1 Qd5+ 18. Nf3 Qb7 19. b4 Nce4 20. Ncd2 Rxc1 21. Qxc1 Rc8 22. Qa1 Rc2 23. Kg1 Qa6 24. Bxf6 Nxf6 25. Nd4 Rc8 26. b5 Qa4 27. Nc6 Bc5 28. Rb1 Kf8 29. Qa2 a6 30. Qb3 Qxb5 31. Qxb5 axb5 32. Nb4 Ra8 33. Nd3 Bxa3 34. Rxb5 Nd7 35. Nc4 Ra6 36. Nde5 Nxe5 37. Nxe5 Ke8 38. Nc6 Bc5 39. e3 Ra2 40. Kf1 f6 41. Nb4 Ra1+ 42. Ke2 Kd7 43. Nd3 Ra2+ 44. Kf3 Kc6 45. Rb3 f5 46. Ne5+ Kd5 47. Nd7 Kc6 48. Ne5+ Kc7 49. h3 Ra4 50. Rb2 Re4 51. Nd3 Kc6 52. Ke2 g6 53. Kd2 Kd6 54. Kc3 Ra4 55. Kd2 e5 56. Kc2 Kd5 57. Kd2 Ra3 58. Rc2 Rb3 59. Nc1 Ra3 60. Ke2 e4 61. Na2 b5 62. Kd1 b4 63. Rb2 b3 64. Nc3+ Kc4 65. Nb1 Ra1 66. Ke2 Bb4 67. f3 Ra2 0-1

[Event "SVK-chT3A2 1617"]
[Site "Slovakia"]
[Date "2017.01.08"]
[Round "6.4"]
[White "Kalmar, Tamas"]
[Black "Skreno, Vladimir"]
[Result "1/2-1/2"]
[WhiteElo "2044"]
[BlackElo "2216"]
[PlyCount "37"]
[EventDate "2016.10.16"]
[EventType "team-tourn"]
[EventRounds "11"]
[EventCountry "SVK"]
[SourceTitle "EXT 2020"]
[Source "ChessBase"]
[SourceDate "2019.10.17"]
[SourceVersion "1"]
[SourceVersionDate "2019.10.17"]
[SourceQuality "1"]
[WhiteTeam "Potonska Veza II"]
[BlackTeam "Hlohovec"]
[WhiteTeamCountry "SVK"]
[BlackTeamCountry "SVK"]

1. d4 Nf6 2. c4 g6 3. Nc3 Bg7 4. e4 d6 5. f3 0-0 6. Be3 e5 7. Nge2 c6 8. Qd2 Nbd7 9. g4 a6 10. d5 c5 11. Ng3 Ne8 12. Bd3 Rb8 13. a4 Qa5 14. Ke2 f6 15. h4 Rf7 16. h5 g5 17. h6 Bh8 18. Nf5 Nf8 19. Kf2 1/2-1/2

[Event "SVK-chT3A2 1617"]
[Site "Slovakia"]
[Date "2016.12.11"]
[Round "5.3"]
[White "Liptak, Tomas"]
[Black "Kalmar, Tamas"]
[Result "1/2-1/2"]
[WhiteElo "2240"]
[BlackElo "2044"]
[PlyCount "113"]
[EventDate "2016.10.16"]
[EventType "team-tourn"]
[EventRounds "11"]
[EventCountry "SVK"]
[SourceTitle "EXT 2020"]
[Source "ChessBase"]
[SourceDate "2019.10.17"]
[SourceVersion "1"]
[SourceVersionDate "2019.10.17"]
[SourceQuality "1"]
[WhiteTeam "Cifer"]
[BlackTeam "Potonska Veza II"]
[WhiteTeamCountry "SVK"]
[BlackTeamCountry "SVK"]

1. e4 c6 2. d4 d5 3. e5 Bf5 4. Nf3 e6 5. Be2 Nd7 6. 0-0 h6 7. c3 Ne7 8. Be3 Bg4 9. h3 Bxf3 10. Bxf3 Nf5 11. Bd2 Qb6 12. Qb3 a6 13. Be2 h5 14. g3 Be7 15. Kg2 Qxb3 16. axb3 f6 17. exf6 gxf6 18. Bd3 Nd6 19. c4 f5 20. Bf4 Kf7 21. f3 Rag8 22. Nc3 Ne8 23. Rad1 Rg7 24. Kf2 Rhg8 25. Ne2 Nf8 26. Rc1 Ng6 27. Bh6 Rh7 28. Bd2 Bd6 29. Rc2 Rhh8 30. Re1 Nf6 31. Bg5 Nh7 32. Bc1 Nf6 33. Rg1 Rg7 34. Bg5 Ne7 35. h4 Rhg8 36. Nf4 Rh8 37. Re2 Bxf4 38. Bxf4 Ng6 39. Bg5 Re8 40. Rge1 Rgg8 41. Bd2 Rh8 42. Kg2 Rhg8 43. Kh3 Rh8 44. Bc2 Re7 45. Bg5 Ree8 46. Rf2 Kg7 47. Rg2 Nh7 48. Bd2 Nf6 49. Rge2 Kf7 50. Bd3 Re7 51. Bb4 Ree8 52. Bd6 Rhg8 53. Rc2 Ne7 54. Bf4 Ng6 55. Bg5 Rc8 56. Rce2 Rce8 57. Rc2 1/2-1/2

[Event "SVK-chT4 A22 1617"]
[Site "Slovakia"]
[Date "2016.11.20"]
[Round "4.2"]
[White "Schmikli, Laszlo"]
[Black "Kalmar, Tamas"]
[Result "1-0"]
[WhiteElo "2211"]
[BlackElo "2066"]
[PlyCount "95"]
[EventDate "2016.10.09"]
[EventType "team-tourn"]
[EventRounds "11"]
[EventCountry "SVK"]
[SourceTitle "EXT 2020"]
[Source "ChessBase"]
[SourceDate "2019.10.17"]
[SourceVersion "1"]
[SourceVersionDate "2019.10.17"]
[SourceQuality "1"]

1. e4 c6 2. d4 d5 3. f3 g6 4. c3 Bg7 5. Bd3 dxe4 6. fxe4 Nf6 7. Nf3 Bg4 8. 0-0 0-0 9. Qb3 Qb6 10. Nbd2 Qxb3 11. Nxb3 Nbd7 12. Na5 Bxf3 13. gxf3 Rab8 14. f4 e6 15. b3 Rfd8 16. Ba3 Bf8 17. Bb2 c5 18. f5 exf5 19. exf5 cxd4 20. fxg6 hxg6 21. cxd4 Nd5 22. Rf3 Bg7 23. Raf1 f5 24. Kh1 Nf8 25. Re1 Rd7 26. a3 Nb6 27. Nc4 Rbd8 28. Nxb6 axb6 29. Bc4+ Kh8 30. Rh3+ Nh7 31. Re6 Rd6 32. Re7 R6d7 33. Rhe3 Ng5 34. Re8+ Rxe8 35. Rxe8+ Kh7 36. Bc1 Bf6 37. Be3 Ne4 38. Be6 Rc7 39. Rc8 Re7 40. d5 Ng5 41. Bg8+ Kg7 42. Bxb6 f4 43. h4 Ne4 44. Be6 Nd6 45. Rb8 Kh7 46. Rf8 Kg7 47. Rxf6 Kxf6 48. Bd4# 1-0